000 00369nam a2200145Ia 4500
008 240624s9999 xx 000 0 und d
041 _aeng
082 _a332.7 CAO
100 _aCAOUETTE JOHN B
245 _aMANAGING CREDIT RISK THE GREAT CHALLENGE
250 _a(2nd ed.)
260 _c2008
_aglobal financial markets
_bWiley
300 _a628 : p.
365 _c
_b26
999 _c22909
_d22909